[Event "44th World U20 ch"]
[Site "Istanbul TUR"]
[Date "2005.11.19"]
[Round "10.37"]
[White "Moosavian, Seyed Hamed"]
[Black "Cil, Hasan Kivanc"]
[Result "1-0"]
[WhiteElo "2263"]
[BlackElo "2067"]
[EventDate "2005.11.09"]
[PlyCount "77"]

1.e4 c6 2.d4 d5 3.exd5 cxd5 4.Bd3 Nf6 5.h3 g6 6.Nf3 Bf5 7.Bxf5 gxf5 8.c3 
Rg8 9.O-O e6 10.Bf4 Nc6 11.Qb3 Qb6 12.Na3 O-O-O 13.Nb5 Rd7 14.a4 Ne4 15.a5
Qa6 16.Qa4 f6 17.c4 Ng5 18.Bxg5 fxg5 19.Ne5 Nxe5 20.dxe5 Bg7 21.cxd5 Bxe5 
22.dxe6 Qxe6 23.Nxa7+ Kb8 24.Nb5 g4 25.h4 g3 26.Qb4 gxf2+ 27.Rxf2 Bg3 28.
Rf3 f4 29.Qc5 b6 30.axb6 Qe2 31.Ra8+ Kxa8 32.b7+ Kxb7 33.Qa7+ Kc6 34.Rc3+ 
Kxb5 35.Rc5+ Kb4 36.Qa5+ Kb3 37.Rc3+ Kxb2 38.Qa3+ Kb1 39.Rc1# 1-0

[Event "44th World U20 ch"]
[Site "Istanbul TUR"]
[Date "2005.11.19"]
[Round "10.39"]
[White "Tulay Berkay, Kamber"]
[Black "Can, Emre"]
[Result "1/2-1/2"]
[WhiteElo "2179"]
[BlackElo "2287"]
[EventDate "2005.11.09"]
[PlyCount "31"]

1.d4 Nf6 2.Nf3 e6 3.g3 d5 4.Bg2 Be7 5.O-O O-O 6.c4 c6 7.b3 b6 8.Bb2 Nbd7 
9.Nbd2 Bb7 10.Ne5 Rc8 11.e4 Nxe5 12.dxe5 Nxe4 13.Nxe4 dxe4 14.Bxe4 Qxd1 
15.Raxd1 Rfd8 16.Kg2 1/2-1/2

[Event "44th World U20 ch"]
[Site "Istanbul TUR"]
[Date "2005.11.19"]
[Round "10.40"]
[White "Agdestein, Emil"]
[Black "Akshat, Khamparia"]
[Result "0-1"]
[WhiteElo "2057"]
[BlackElo "2275"]
[EventDate "2005.11.09"]
[PlyCount "72"]

1.e4 c5 2.Nf3 d6 3.d4 cxd4 4.Nxd4 Nf6 5.Nc3 a6 6.Bg5 e6 7.f4 Qc7 8.Qf3 b5 
9.Bd3 Nbd7 10.O-O-O Bb7 11.g4 b4 12.Nce2 O-O-O 13.Kb1 Kb8 14.Bh4 Nc5 15.
Bxf6 gxf6 16.c4 h5 17.gxh5 f5 18.Bc2 Nxe4 19.Qe3 Rxh5 20.h3 Be7 21.Rh2 
Rdh8 22.b3 Qc5 23.Rd3 e5 24.fxe5 dxe5 25.Nf3 Qxe3 26.Rxe3 Rxh3 27.Rxh3 
Rxh3 28.Neg1 Rh1 29.Kb2 Bc5 30.Re1 f6 31.Ne2 Rxe1 32.Nxe1 f4 33.Nf3 Ng3 
34.Nfg1 Bxg1 35.Nxg1 f3 36.Nh3 e4 0-1

[Event "44th World U20 ch"]
[Site "Istanbul TUR"]
[Date "2005.11.20"]
[Round "11.5"]
[White "Khairullin, Ildar"]
[Black "Alexeev, Evgeny"]
[Result "0-1"]
[WhiteElo "2537"]
[BlackElo "2632"]
[EventDate "2005.11.09"]
[PlyCount "132"]

1.e4 c5 2.Nf3 d6 3.d4 cxd4 4.Nxd4 Nf6 5.Nc3 a6 6.Be3 e5 7.Nb3 Be6 8.f3 
Nbd7 9.g4 Nb6 10.g5 Nh5 11.Qd2 Be7 12.O-O-O O-O 13.Rg1 Rc8 14.h4 g6 15.Na5
Qc7 16.Qf2 Na4 17.Nd5 Bxd5 18.Rxd5 b5 19.Nb3 Rfe8 20.Kb1 Bf8 21.Rd2 Nf4 
22.h5 Nxh5 23.Bh3 Rcd8 24.Qh4 Nf4 25.Rh2 h5 26.gxh6 Be7 27.Qg3 d5 28.Bf5 
Kh8 29.exd5 Rxd5 30.Be4 Rd6 31.Nc1 Bf6 32.Nd3 Red8 33.Rc1 Qe7 34.Bd2 R6d7 
35.Bb4 Qe6 36.b3 Rd4 37.Ba5 Rc8 38.Qe1 Nc5 39.Nxc5 Rxc5 40.Rd1 Nd5 41.Rhd2
Qc8 42.Rd3 Kh7 43.Qd2 Bd8 44.Bxd8 Nc3+ 45.Ka1 Qxd8 46.Rxd4 Qxd4 47.Qxd4 
exd4 48.Rxd4 Nxe4 49.Rxe4 f5 50.Re7+ Kxh6 51.Kb2 Rc6 52.Rd7 Kh5 53.Rd4 g5 
54.c4 bxc4 55.bxc4 g4 56.fxg4+ fxg4 57.Kc3 g3 58.Rd1 Kg4 59.Rg1 Kf3 60.Kd4
g2 61.c5 Rc8 62.Kd5 Rd8+ 63.Ke6 Rd2 64.Rc1 Rc2 65.Rxc2 g1=Q 66.Rc3+ Ke4 
0-1

[Event "44th World U20 ch"]
[Site "Istanbul TUR"]
[Date "2005.11.20"]
[Round "11.6"]
[White "Kharitonov, Alexander"]
[Black "Magalashvili, Davit"]
[Result "1/2-1/2"]
[WhiteElo "2545"]
[BlackElo "2448"]
[EventDate "2005.11.09"]
[PlyCount "53"]

1.d4 d5 2.c4 e6 3.Nc3 Nf6 4.cxd5 exd5 5.Bg5 Be7 6.e3 c6 7.Qc2 Nbd7 8.Bd3 
O-O 9.Nf3 Re8 10.O-O Nf8 11.Rae1 Be6 12.Ne5 N6d7 13.Bxe7 Rxe7 14.f4 f6 15.
Nf3 Nb6 16.Kh1 Qd6 17.Rg1 Bg4 18.Nh4 Bd7 19.g4 Rae8 20.Nd1 Nc4 21.Qc1 Qb4 
22.b3 Nd6 23.f5 Nf7 24.Nf3 b6 25.Nc3 Bc8 26.Qd2 Qd6 27.Re2 1/2-1/2

[Event "44th World U20 ch"]
[Site "Istanbul TUR"]
[Date "2005.11.20"]
[Round "11.7"]
[White "Wang Hao"]
[Black "Romanov, Evgeny"]
[Result "1-0"]
[WhiteElo "2519"]
[BlackElo "2479"]
[EventDate "2005.11.09"]
[PlyCount "33"]

1.e4 e5 2.Nf3 Nc6 3.Nd4 Bc5 4.c3 Qf6 5.g3 Nge7 6.Bg2 d6 7.O-O Bd7 8.h3 
Bxd4 9.Qe2 Bb6 10.Qc4 h5 11.Qe2 h4 12.Kh1 g5 13.g4 a6 14.a4 Qe6 15.Qc4 
O-O-O 16.Qd5 Rde8 17.b4 1-0

[Event "44th World U20 ch"]
[Site "Istanbul TUR"]
[Date "2005.11.20"]
[Round "11.8"]
[White "Karakehajov, Kalin"]
[Black "Gashimov, Vugar"]
[Result "0-1"]
[WhiteElo "2396"]
[BlackElo "2608"]
[EventDate "2005.11.09"]
[PlyCount "92"]

1.d4 Nf6 2.Nf3 c5 3.e3 e6 4.b3 b6 5.Bb2 cxd4 6.Nxd4 Bb7 7.Nd2 a6 8.c4 Qc7 
9.N4f3 Be7 10.Be2 d6 11.O-O Nbd7 12.Rc1 O-O 13.Qc2 Rac8 14.Qb1 Qb8 15.Rfd1
Qa8 16.Bf1 Rfd8 17.Qa1 Bf8 18.Nd4 Nc5 19.h3 e5 20.Nf5 g6 21.Ng3 h5 22.Nb1 
Kh7 23.Na3 Bh6 24.Nc2 Bg5 25.f4 Bh4 26.Nh1 Nfe4 27.fxe5 d5 28.Bd4 dxc4 29.
bxc4 Ng5 30.Nb4 Nxh3+ 31.gxh3 Bxh1 32.Nd5 Bf3 33.Nxb6 Qe4 34.Nxc8 Qf5 35.
Qb2 Ne4 36.Bg2 Bf2+ 37.Kh2 Qg5 38.Qxf2 Nxf2 39.Bxf3 Nxd1 40.Rxd1 Rxc8 41.
Bd5 Qf5 42.Rd2 Rb8 43.c5 Rb1 44.Bg2 h4 45.Rb2 Rc1 46.Rb7 Qf2 0-1

[Event "44th World U20 ch"]
[Site "Istanbul TUR"]
[Date "2005.11.20"]
[Round "11.10"]
[White "Glud, Jakob Vang"]
[Black "Predojevic, Borki"]
[Result "1/2-1/2"]
[WhiteElo "2349"]
[BlackElo "2558"]
[EventDate "2005.11.09"]
[PlyCount "35"]

1.c4 Nf6 2.g3 c6 3.Bg2 d5 4.Nf3 dxc4 5.O-O Be6 6.Qc2 Na6 7.Na3 Qd5 8.Re1 
Qc5 9.b3 cxb3 10.Qxc5 Nxc5 11.d4 Nce4 12.axb3 Bd5 13.Nc4 Nd7 14.Nfe5 Nxe5 
15.dxe5 e6 16.Nb6 Rb8 17.Nxd5 exd5 18.Bxe4 1/2-1/2

[Event "44th World U20 ch"]
[Site "Istanbul TUR"]
[Date "2005.11.20"]
[Round "11.11"]
[White "Bartel, Mateusz"]
[Black "Wen Yang"]
[Result "1-0"]
[WhiteElo "2513"]
[BlackElo "2374"]
[EventDate "2005.11.09"]
[PlyCount "55"]

1.g3 c5 2.Bg2 Nc6 3.e4 g6 4.Ne2 Bg7 5.c3 e5 6.d3 Nge7 7.Be3 b6 8.d4 exd4 
9.cxd4 cxd4 10.Nxd4 Ba6 11.Nc3 Ne5 12.Ndb5 O-O 13.O-O Nc4 14.Bd4 Nxb2 15.
Qb3 Bxd4 16.Nxd4 Nd3 17.Rfd1 Nc5 18.Qb2 Bb7 19.Ndb5 Bc6 20.Rd2 a6 21.Nd6 
Nc8 22.Nc4 Qc7 23.Ne3 Ne7 24.Ng4 f6 25.Nd5 Bxd5 26.Nxf6+ Rxf6 27.Qxf6 Nxe4
28.Qxe7 1-0

[Event "44th World U20 ch"]
[Site "Istanbul TUR"]
[Date "2005.11.20"]
[Round "11.13"]
[White "Heberla, Bartlomiej"]
[Black "Jojua, Davit"]
[Result "1-0"]
[WhiteElo "2465"]
[BlackElo "2337"]
[EventDate "2005.11.09"]
[PlyCount "95"]

1.e4 c5 2.Nf3 d6 3.d4 cxd4 4.Nxd4 Nf6 5.Nc3 Nc6 6.Be2 e5 7.Nf3 h6 8.O-O 
Be7 9.Re1 O-O 10.h3 Be6 11.Bf1 Qd7 12.Nd5 Bd8 13.c4 Nh7 14.b3 Ng5 15.Bb2 
f5 16.Nxg5 Bxg5 17.exf5 Bxf5 18.Bd3 Bh4 19.Re2 Rf7 20.Bxf5 Qxf5 21.Qc2 
Qxc2 22.Rxc2 Raf8 23.g3 Bd8 24.Rd1 h5 25.Kg2 h4 26.g4 Bg5 27.Re2 Kh7 28.
Rd3 g6 29.f3 Kh6 30.Bc3 b6 31.Re4 Rd7 32.Nb4 Nxb4 33.Bxb4 Be7 34.Rxe5 dxe5
35.Bd2+ Bg5 36.Bxg5+ Kxg5 37.Rxd7 a5 38.Rd5 Kf4 39.Kf2 a4 40.b4 Rc8 41.c5 
bxc5 42.Rxc5 Rd8 43.Rc4+ Kg5 44.Ke2 a3 45.b5 Rb8 46.Rb4 Rc8 47.b6 Rc2+ 48.
Kd3 1-0

[Event "44th World U20 ch"]
[Site "Istanbul TUR"]
[Date "2005.11.20"]
[Round "11.14"]
[White "Xie, George Wendi"]
[Black "Zhigalko, Andrei"]
[Result "0-1"]
[WhiteElo "2340"]
[BlackElo "2537"]
[EventDate "2005.11.09"]
[PlyCount "72"]

1.e4 c5 2.d4 cxd4 3.c3 Nf6 4.e5 Nd5 5.Nf3 Nc6 6.cxd4 d6 7.Bc4 Nb6 8.Bb3 d5
9.h3 Bf5 10.Nh4 Bxb1 11.Rxb1 e6 12.g3 a5 13.O-O Be7 14.Ng2 a4 15.Bc2 Nb4 
16.Bd3 O-O 17.Nf4 Qd7 18.Qg4 Nxd3 19.Nxd3 Kh8 20.h4 Rfc8 21.Bg5 Bf8 22.h5 
h6 23.Bd2 Nc4 24.Rfd1 Nxd2 25.Rxd2 Rc4 26.b3 axb3 27.Rxb3 Raa4 28.Qd1 Rxd4
29.Qb1 Ra7 30.Rdb2 Qc8 31.Rxb7 Rxb7 32.Rxb7 Rxd3 33.Kh2 Rd1 34.Qb3 Rd2 35.
Rb8 Qc5 36.Kh3 Rxf2 0-1

[Event "44th World U20 ch"]
[Site "Istanbul TUR"]
[Date "2005.11.20"]
[Round "11.15"]
[White "Kurnosov, Igor"]
[Black "El Debs, Felipe De Cresce"]
[Result "1-0"]
[WhiteElo "2523"]
[BlackElo "2341"]
[EventDate "2005.11.09"]
[PlyCount "93"]

1.e4 e5 2.Nf3 Nf6 3.Nxe5 d6 4.Nf3 Nxe4 5.Nc3 Nf6 6.d4 Be7 7.Bd3 O-O 8.O-O 
Bg4 9.h3 Bh5 10.g4 Bg6 11.Nh4 Nc6 12.Nxg6 hxg6 13.Be3 Nb4 14.Bc4 d5 15.Be2
c6 16.a3 Na6 17.Bd3 Bd6 18.f4 Qe7 19.Qf3 Rae8 20.Rae1 Ne4 21.f5 gxf5 22.
gxf5 Qh4 23.Bxe4 dxe4 24.Qg4 Qxg4+ 25.hxg4 Nc7 26.Bf2 Nd5 27.Nxe4 Bf4 28.
c4 Nf6 29.Nxf6+ gxf6 30.Kg2 b5 31.Kf3 Bd6 32.c5 Bc7 33.Rxe8 Rxe8 34.Re1 
Rxe1 35.Bxe1 Kf8 36.Ke4 Ke7 37.d5 Kd7 38.Bc3 Bd8 39.d6 Ke8 40.Kf4 Kf8 41.
Kg3 Kg8 42.Kh4 Kh7 43.Kh5 Kg8 44.Kh6 a6 45.b3 a5 46.a4 b4 47.Bd4 1-0

[Event "44th World U20 ch"]
[Site "Istanbul TUR"]
[Date "2005.11.20"]
[Round "11.17"]
[White "Livshits, Gaby"]
[Black "Lenic, Luka"]
[Result "1/2-1/2"]
[WhiteElo "2381"]
[BlackElo "2476"]
[EventDate "2005.11.09"]
[PlyCount "59"]

1.e4 e6 2.d4 c5 3.d5 Nf6 4.Nc3 d6 5.Nf3 a6 6.a4 Be7 7.Bc4 e5 8.h3 O-O 9.
Be3 Nbd7 10.Nd2 Ne8 11.h4 g6 12.h5 Bg5 13.Qe2 Ng7 14.hxg6 fxg6 15.Nf3 Bxe3
16.Qxe3 Nf6 17.Qh6 Ngh5 18.Ng5 Qe7 19.f3 Kh8 20.Ne6 Bxe6 21.dxe6 b5 22.Bd5
Rab8 23.axb5 axb5 24.Ne2 Nxd5 25.exd5 Ra8 26.Rxa8 Rxa8 27.Kf2 c4 28.g4 Nf6
29.Nc3 Rf8 30.Kg3 1/2-1/2

[Event "44th World U20 ch"]
[Site "Istanbul TUR"]
[Date "2005.11.20"]
[Round "11.19"]
[White "Sanikidze, Tornike"]
[Black "Gopal, Geetha Narayanan"]
[Result "1-0"]
[WhiteElo "2411"]
[BlackElo "2327"]
[EventDate "2005.11.09"]
[PlyCount "83"]

1.Nf3 Nf6 2.c4 g6 3.Nc3 d5 4.cxd5 Nxd5 5.Qa4+ Bd7 6.Qb3 Nb6 7.d4 Bg7 8.Bg5
h6 9.Bh4 Be6 10.Qc2 Nc6 11.Rd1 O-O 12.e3 Nb4 13.Qb1 Bf5 14.e4 Bg4 15.d5 g5
16.Bg3 f5 17.a3 f4 18.axb4 fxg3 19.hxg3 Rxf3 20.gxf3 Bxf3 21.Rh2 Bxd1 22.
Qxd1 e6 23.dxe6 Qe7 24.Qb3 Rd8 25.Bh3 Rd4 26.b5 Rb4 27.Qc2 Qc5 28.Kf1 Bxc3
29.bxc3 Qxb5+ 30.Kg2 Rb1 31.Qd2 Qf1+ 32.Kf3 Qd1+ 33.Qxd1 Rxd1 34.Bf5 Nc8 
35.Rxh6 Ne7 36.Kg4 a5 37.Kxg5 a4 38.Kf6 Nxf5 39.exf5 a3 40.e7 Re1 41.Rh1 
Re2 42.Ra1 1-0

[Event "44th World U20 ch"]
[Site "Istanbul TUR"]
[Date "2005.11.20"]
[Round "11.20"]
[White "Sengupta, Deep"]
[Black "Maenhout, Thibaut"]
[Result "1-0"]
[WhiteElo "2400"]
[BlackElo "2282"]
[EventDate "2005.11.09"]
[PlyCount "95"]

1.e4 e6 2.Nf3 d5 3.Nc3 Nf6 4.e5 Nfd7 5.d4 c5 6.Ne2 Nc6 7.c3 Qb6 8.g3 Be7 
9.Bg2 O-O 10.O-O cxd4 11.cxd4 f6 12.exf6 Bxf6 13.b3 e5 14.dxe5 Ndxe5 15.
Nxe5 Nxe5 16.Qxd5+ Rf7 17.Be3 Qa6 18.Nf4 Bg4 19.h3 Bf5 20.Rad1 Qxa2 21.Rd2
Qa6 22.Nh5 Be6 23.Nxf6+ gxf6 24.Qe4 Bxb3 25.Rb1 Be6 26.Rdb2 Rb8 27.Bf4 Qc4
28.Qe3 b6 29.Bxe5 fxe5 30.Qxe5 Rbf8 31.Re1 Rf6 32.Rbe2 Qc8 33.g4 Rg6 34.f4
Bxg4 35.hxg4 Qxg4 36.Rf2 Rf5 37.Qe8+ Kg7 38.Qd7+ Rf7 39.Qxg4 Rxg4 40.Re4 
Rg6 41.Kh2 a5 42.f5 Rd6 43.Kg3 Kf6 44.Kf4 Rfd7 45.Rb2 Rg7 46.Rbe2 Rgd7 47.
Re6+ Kf7 48.Bf3 1-0

[Event "44th World U20 ch"]
[Site "Istanbul TUR"]
[Date "2005.11.20"]
[Round "11.21"]
[White "Poobesh Anand, Selvaraj"]
[Black "Kvon, Andrei"]
[Result "1-0"]
[WhiteElo "2397"]
[BlackElo "2293"]
[EventDate "2005.11.09"]
[PlyCount "95"]

1.Nf3 Nf6 2.b3 e6 3.Bb2 b6 4.e3 Bb7 5.d4 Be7 6.Bd3 O-O 7.O-O Be4 8.c4 d5 
9.Nc3 c5 10.dxc5 Bxc5 11.cxd5 exd5 12.Bxe4 dxe4 13.Ng5 Bd6 14.Nb5 Be7 15.
Qxd8 Bxd8 16.Rad1 Nbd7 17.Nxe4 Nxe4 18.Rxd7 a6 19.Nc3 Nxc3 20.Bxc3 Bf6 21.
Bxf6 gxf6 22.Rd6 b5 23.Rc1 Rfd8 24.Rcc6 Rxd6 25.Rxd6 a5 26.Rxf6 a4 27.b4 
Rd8 28.g3 Rd5 29.Rf4 Rd2 30.Rf5 Rxa2 31.Rxb5 Rb2 32.Rb8+ Kg7 33.b5 a3 34.
Ra8 a2 35.Kg2 Rxb5 36.Rxa2 Rb4 37.Ra5 Rc4 38.h3 Kg6 39.g4 Rc1 40.Ra6+ Kg7 
41.Rd6 Re1 42.g5 Ra1 43.h4 Ra5 44.Kg3 Rb5 45.Kg4 Rb4+ 46.f4 Re4 47.Kf3 Ra4
48.h5 1-0

[Event "44th World U20 ch"]
[Site "Istanbul TUR"]
[Date "2005.11.20"]
[Round "11.24"]
[White "Macak, Stefan"]
[Black "Barnaure, Vlad-Victor"]
[Result "1-0"]
[WhiteElo "2319"]
[BlackElo "2454"]
[EventDate "2005.11.09"]
[PlyCount "71"]

1.e4 c5 2.Nf3 d6 3.d4 Nf6 4.Nc3 cxd4 5.Nxd4 a6 6.Bg5 e6 7.f4 Qb6 8.Nb3 
Nbd7 9.Be2 Be7 10.Qd2 h6 11.Bxf6 Nxf6 12.Bf3 Qc7 13.O-O-O Rb8 14.Rhe1 b5 
15.Kb1 b4 16.Ne2 e5 17.Ng3 a5 18.Nf5 Bxf5 19.exf5 a4 20.Nc1 O-O 21.Nd3 e4 
22.Bxe4 d5 23.Bf3 Rfc8 24.b3 Rb6 25.Ne5 Ra6 26.Re2 Ra5 27.g4 Rca8 28.Qd3 
Bd6 29.h4 Rc5 30.Qd2 Qa7 31.g5 Rc3 32.Bxd5 Nxd5 33.Qxd5 hxg5 34.hxg5 axb3 
35.cxb3 Bxe5 36.Qd8+ 1-0

[Event "44th World U20 ch"]
[Site "Istanbul TUR"]
[Date "2005.11.20"]
[Round "11.25"]
[White "Kuderinov, Kirill"]
[Black "Nava, Roderick"]
[Result "1-0"]
[WhiteElo "2432"]
[BlackElo "2317"]
[EventDate "2005.11.09"]
[PlyCount "65"]

1.e4 c5 2.Nf3 d6 3.d4 cxd4 4.Nxd4 Nf6 5.Nc3 a6 6.Bc4 e6 7.Bb3 b5 8.O-O Be7
9.a3 Qc7 10.Be3 Nc6 11.f4 Na5 12.f5 Nxb3 13.cxb3 e5 14.Nc2 Bb7 15.Nb4 O-O 
16.Rc1 Qd7 17.Nbd5 Nxd5 18.exd5 Rfc8 19.Qh5 f6 20.Rf3 Qe8 21.Qh4 Qf7 22.
Rh3 Kf8 23.Qxh7 Ke8 24.Rd1 Bf8 25.Qh4 Rxc3 26.bxc3 Bxd5 27.Qb4 Qb7 28.Rh8 
Kd7 29.c4 bxc4 30.bxc4 Qxb4 31.axb4 Bxc4 32.Bc5 Kc6 33.Bxd6 1-0

[Event "44th World U20 ch"]
[Site "Istanbul TUR"]
[Date "2005.11.20"]
[Round "11.27"]
[White "Cornette, Matthieu"]
[Black "Zeynalov, Farid"]
[Result "1/2-1/2"]
[WhiteElo "2418"]
[BlackElo "2179"]
[EventDate "2005.11.09"]
[PlyCount "86"]

1.e4 c6 2.d4 d5 3.e5 Bf5 4.Nf3 e6 5.a3 c5 6.c4 dxc4 7.Bxc4 Nc6 8.Be3 Be4 
9.Nc3 Bxf3 10.Qxf3 cxd4 11.O-O-O Bc5 12.Qg4 Kf8 13.Bf4 Qe7 14.Nb5 Nh6 15.
Qf3 Nf5 16.Rhe1 g5 17.Bg3 Kg7 18.h4 h6 19.Qh5 Rad8 20.Rd3 a6 21.Nd6 Nxd6 
22.exd6 Bxd6 23.Kb1 Qf6 24.Qe2 b5 25.Bb3 Na5 26.Bc2 Nc4 27.Rf3 Qe7 28.Qd3 
Bxg3 29.Rxg3 Kf8 30.Re4 Rd5 31.Bb3 f5 32.Re1 f4 33.Rh3 g4 34.Rhh1 Kf7 35.
Re4 Qf6 36.Rhe1 e5 37.Bxc4 bxc4 38.Qxc4 Qe6 39.Rxf4+ exf4 40.Rxe6 Kxe6 41.
Qc6+ Rd6 42.Qe4+ Kd7 43.Qb7+ Ke6 1/2-1/2

[Event "44th World U20 ch"]
[Site "Istanbul TUR"]
[Date "2005.11.20"]
[Round "11.28"]
[White "Rohit, Gogineni"]
[Black "Samakov, Nurdin"]
[Result "1-0"]
[WhiteElo "2401"]
[BlackElo "2209"]
[EventDate "2005.11.09"]
[PlyCount "35"]

1.e4 e5 2.Nf3 Nc6 3.Bb5 a6 4.Ba4 Nf6 5.O-O Be7 6.Re1 b5 7.Bb3 d6 8.c3 O-O 
9.h3 Na5 10.Bc2 c5 11.d4 Nd7 12.b3 exd4 13.cxd4 Nc6 14.Nc3 Nxd4 15.Nxd4 
cxd4 16.Nd5 Bb7 17.Bb2 Nc5 18.Bxd4 1-0

[Event "44th World U20 ch"]
[Site "Istanbul TUR"]
[Date "2005.11.20"]
[Round "11.29"]
[White "Moradiabadi, Elshan"]
[Black "Moosavian, Seyed Hamed"]
[Result "1-0"]
[WhiteElo "2497"]
[BlackElo "2263"]
[EventDate "2005.11.09"]
[PlyCount "40"]

1.Nf3 e6 2.c4 c5 3.g3 Nc6 4.Bg2 Nf6 5.O-O Be7 6.Nc3 O-O 7.d4 cxd4 8.Nxd4 
Qb6 9.Ndb5 Qc5 10.b3 a6 11.Ba3 Nb4 12.Na4 Qe5 13.Nd4 d5 14.cxd5 Nbxd5 15.
Bb2 Qc7 16.e4 Nb6 17.Bc1 Qd8 18.Nc5 Nbd7 19.Ncxe6 Qa5 20.Kh1 Kh8 1-0

[Event "44th World U20 ch"]
[Site "Istanbul TUR"]
[Date "2005.11.20"]
[Round "11.31"]
[White "Jessel, Stephen"]
[Black "Krivokapic, Marko"]
[Result "0-1"]
[WhiteElo "2304"]
[BlackElo "2361"]
[EventDate "2005.11.09"]
[PlyCount "28"]

1.e4 c5 2.Nf3 d6 3.d4 cxd4 4.Nxd4 Nf6 5.Nc3 a6 6.Be2 e6 7.O-O Nbd7 8.f4 b5
9.Bf3 Bb7 10.e5 Bxf3 11.Nxf3 dxe5 12.fxe5 Ng4 13.Qe2 Ndxe5 14.Nxe5 Nxe5 
0-1

[Event "44th World U20 ch"]
[Site "Istanbul TUR"]
[Date "2005.11.20"]
[Round "11.33"]
[White "Stander, Heinrich"]
[Black "Tikkanen, Hans"]
[Result "0-1"]
[WhiteElo "2128"]
[BlackElo "2343"]
[EventDate "2005.11.09"]
[PlyCount "130"]

1.e4 g6 2.d4 Bg7 3.Nf3 d6 4.Nc3 a6 5.Be3 b5 6.Bd3 Nd7 7.Ne2 Bb7 8.O-O Ngf6
9.Ng3 O-O 10.h3 e5 11.dxe5 dxe5 12.a4 c6 13.Nd2 Qc7 14.Qe2 Rfc8 15.c4 b4 
16.c5 Bf8 17.Rfc1 a5 18.f3 Be7 19.Qf2 Qd8 20.Bc4 Qf8 21.Nb3 h5 22.Rd1 Rd8 
23.Rd3 Qg7 24.Rad1 Nf8 25.Rxd8 Bxd8 26.Ne2 Bc7 27.Nec1 Re8 28.Qd2 Kh7 29.
Nd3 Bc8 30.Qe2 Ne6 31.Bf2 g5 32.g4 Rh8 33.Bg3 Nf4 34.Bxf4 gxf4 35.Qg2 hxg4
36.hxg4 Qg6 37.Nf2 Kg7 38.Kf1 Rh4 39.Ke2 Nxg4 40.Rg1 Ne3 41.Qxg6+ fxg6 42.
Bd3 Bd8 43.Nd2 Be6 44.Rc1 Rh2 45.Rh1 Rxh1 46.Nxh1 Be7 47.Nf2 Bxc5 48.Nd1 
Nxd1 49.Kxd1 Bd6 50.Bc4 Bh3 51.Bf1 Bd7 52.Be2 Kh6 53.Ke1 Kh5 54.Nc4 Bc7 
55.Kf2 Kh4 56.b3 Kh3 57.Bf1+ Kh2 58.Be2 g5 59.Bd1 Bb8 60.Nxa5 Ba7+ 61.Kf1 
Bd4 62.Nc4 Bh3+ 63.Ke1 Kg2 64.Nd2 g4 65.a5 g3 0-1

[Event "44th World U20 ch"]
[Site "Istanbul TUR"]
[Date "2005.11.20"]
[Round "11.34"]
[White "Wei Chenpeng"]
[Black "Yagiz, Yasin Emrah"]
[Result "1/2-1/2"]
[WhiteElo "2390"]
[BlackElo "2206"]
[EventDate "2005.11.09"]
[PlyCount "152"]

1.e4 e5 2.Nf3 Nc6 3.Bb5 a6 4.Ba4 Nf6 5.O-O Be7 6.Re1 b5 7.Bb3 d6 8.c3 O-O 
9.h3 Na5 10.Bc2 c5 11.d4 Qc7 12.Nbd2 Rd8 13.a4 Bd7 14.Nf1 cxd4 15.cxd4 Nc6
16.Bb3 bxa4 17.Bxa4 Nxd4 18.Nxd4 exd4 19.Qxd4 Bxa4 20.Qxa4 d5 21.exd5 Nxd5
22.Qe4 h6 23.Ng3 Bc5 24.Qf3 Nb4 25.Bf4 Qb6 26.Rad1 Nc2 27.Rf1 Qxb2 28.Bc7 
Nd4 29.Qh5 Qb5 30.Rb1 Qc6 31.Bxd8 Rxd8 32.Nf5 Qd5 33.Rbd1 Qc6 34.Qh4 Ne2+ 
35.Kh1 Re8 36.Rd8 Rxd8 37.Qxd8+ Kh7 38.Ne7 Bxe7 39.Qd3+ g6 40.Qxe2 Qb5 41.
Qd1 a5 42.Re1 Bf6 43.Re3 Kg7 44.Kg1 Qb4 45.Qc2 Bd4 46.Re4 Qb2 47.Qxb2 Bxb2
48.Re2 Bc3 49.Re8 Bb4 50.Ra8 Kf6 51.Re8 Be7 52.Kf1 a4 53.Ke2 a3 54.Kd3 Bc5
55.Ra8 Bxf2 56.Rxa3 Kg5 57.Ke4 f5+ 58.Ke5 h5 59.Ke6 f4 60.Kf7 Be3 61.Ra5+ 
Kh4 62.Kxg6 Kg3 63.Rg5+ Kh2 64.Kxh5 Bf2 65.Kg6 Bg3 66.h4 Bxh4 67.Rh5 Kxg2 
68.Rxh4 f3 69.Rg4+ Kh3 70.Kg5 f2 71.Rh4+ Kg3 72.Rg4+ Kf3 73.Rf4+ Ke2 74.
Re4+ Kf3 75.Rf4+ Ke2 76.Rxf2+ Kxf2 1/2-1/2

[Event "44th World U20 ch"]
[Site "Istanbul TUR"]
[Date "2005.11.20"]
[Round "11.35"]
[White "Grecescu, Gabriel-Andrei"]
[Black "Bekkat, Azeddinne"]
[Result "1-0"]
[WhiteElo "2380"]
[BlackElo "2202"]
[EventDate "2005.11.09"]
[PlyCount "68"]

1.c4 e5 2.g3 Bc5 3.Bg2 Nf6 4.Nc3 O-O 5.e3 Nc6 6.a3 a5 7.Nge2 Re8 8.d3 d6 
9.O-O Bb6 10.h3 h6 11.Kh2 Bf5 12.e4 Bd7 13.f4 Nd4 14.Nxd4 Bxd4 15.Ne2 Bb6 
16.b3 Nh7 17.Bb2 c6 18.d4 exf4 19.Nxf4 Qe7 20.Qd3 Ng5 21.Rae1 Bc7 22.d5 f6
23.Nh5 Nh7 24.g4 Rab8 25.Qg3 Qd8 26.h4 Re5 27.Qf4 b5 28.dxc6 Bxc6 29.Bxe5 
dxe5 30.Qe3 Bd6 31.Rd1 Qf8 32.Qc3 Kh8 33.Qxa5 Bxa3 34.Qa6 Be8 1-0

[Event "44th World U20 ch"]
[Site "Istanbul TUR"]
[Date "2005.11.20"]
[Round "11.36"]
[White "Amanov, Mesgen"]
[Black "Aleskerov, Faik"]
[Result "1/2-1/2"]
[WhiteElo "2273"]
[BlackElo "2321"]
[EventDate "2005.11.09"]
[PlyCount "83"]

1.e4 d5 2.exd5 Nf6 3.d4 Nxd5 4.Nf3 Bg4 5.Be2 e6 6.O-O Bd6 7.Ne5 Bxe2 8.
Qxe2 O-O 9.c4 Nf6 10.Nc3 c5 11.dxc5 Bxc5 12.Bg5 Be7 13.Rad1 Nfd7 14.Bf4 
Qc8 15.Ne4 Nb6 16.b3 f6 17.Nf3 e5 18.Be3 Qe6 19.c5 Nd5 20.Qc4 Nc7 21.Nd6 
Qxc4 22.bxc4 Bxd6 23.cxd6 Ne6 24.Rd5 Nd7 25.c5 Rfc8 26.Rc1 Rc6 27.Ne1 b6 
28.cxb6 Rxc1 29.Bxc1 axb6 30.Rd2 Kf7 31.Nd3 Ra4 32.a3 Nec5 33.Bb2 Nxd3 34.
Rxd3 Ke6 35.Kf1 Rc4 36.Bc3 Nc5 37.Rh3 h6 38.Bb4 Kxd6 39.Rg3 g5 40.Rh3 Rc2 
41.Ke1 Rc1+ 42.Ke2 1/2-1/2

[Event "44th World U20 ch"]
[Site "Istanbul TUR"]
[Date "2005.11.20"]
[Round "11.37"]
[White "Carron, Julien"]
[Black "Tanrikulu, Secim Erhan"]
[Result "1-0"]
[WhiteElo "2314"]
[BlackElo "2151"]
[EventDate "2005.11.09"]
[PlyCount "47"]

1.d4 d5 2.Nf3 Nf6 3.c4 c6 4.e3 a6 5.Qc2 Bg4 6.Ne5 Bh5 7.cxd5 cxd5 8.Qb3 
Qc7 9.Bd2 Nbd7 10.Nc3 e6 11.Rc1 Qb6 12.Qa4 Rc8 13.Bd3 Bd6 14.O-O Ke7 15.
Nxd7 Nxd7 16.e4 Bg6 17.e5 Bxe5 18.Bxg6 Rc4 19.Nxd5+ exd5 20.Rxc4 dxc4 21.
Bb4+ Bd6 22.Re1+ Kf6 23.Qxd7 Bxh2+ 24.Kf1 1-0

[Event "44th World U20 ch"]
[Site "Istanbul TUR"]
[Date "2005.11.20"]
[Round "11.38"]
[White "Akshat, Khamparia"]
[Black "Citak, Selim"]
[Result "1-0"]
[WhiteElo "2275"]
[BlackElo "2291"]
[EventDate "2005.11.09"]
[PlyCount "91"]

1.d4 Nf6 2.c4 c5 3.d5 b5 4.Nf3 Bb7 5.a4 Qa5+ 6.Bd2 b4 7.Qc2 d6 8.e4 Nbd7 
9.h3 g6 10.Be3 Bg7 11.Nbd2 O-O 12.Bd3 Rae8 13.O-O e5 14.Nh2 Nh5 15.g3 Qd8 
16.Be2 Bc8 17.Kg2 Ndf6 18.Rh1 Qd7 19.Ng4 Nxe4 20.Nxe4 f5 21.Ng5 Qe7 22.Ne6
Bxe6 23.dxe6 fxg4 24.hxg4 Qb7+ 25.Kg1 Nf4 26.gxf4 exf4 27.Bd2 Rxe6 28.Re1 
f3 29.Bd1 Rxe1+ 30.Bxe1 Rf4 31.Rh3 Qe4 32.Qxe4 Rxe4 33.Kf1 Bxb2 34.Bxf3 
Rd4 35.Bd5+ Kg7 36.Rb3 Bc1 37.f3 Bf4 38.Ke2 a5 39.Rd3 Rxd3 40.Kxd3 h5 41.
Ke4 Be5 42.f4 Bf6 43.g5 Bb2 44.Kf3 Bc1 45.Be4 b3 46.Bxa5 1-0

[Event "44th World U20 ch"]
[Site "Istanbul TUR"]
[Date "2005.11.20"]
[Round "11.40"]
[White "Cil, Hasan Kivanc"]
[Black "Tulay Berkay, Kamber"]
[Result "1-0"]
[WhiteElo "2067"]
[BlackElo "2179"]
[EventDate "2005.11.09"]
[PlyCount "83"]

1.e4 c5 2.Nf3 a6 3.d4 cxd4 4.Nxd4 Nf6 5.Nc3 e5 6.Nb3 Bb4 7.Bd2 O-O 8.Bd3 
Nc6 9.Nd5 Bxd2+ 10.Qxd2 d6 11.O-O-O Nxd5 12.exd5 Ne7 13.f4 exf4 14.Qxf4 
Ng6 15.Qg3 Ne5 16.Kb1 f5 17.Qf4 Qf6 18.Rhe1 Bd7 19.Qb4 Rab8 20.Qb6 g6 21.
Bf1 Rfc8 22.Nd4 f4 23.Ne6 Bxe6 24.Qxd6 Ng4 25.Rxe6 Qg5 26.h4 Qh5 27.Be2 
Qf5 28.Bd3 Qh5 29.Qxf4 Rf8 30.Qd4 Nh6 31.Be2 Qf5 32.Re7 Qf6 33.Qxf6 Rxf6 
34.g4 Rd6 35.c4 b6 36.b4 Rc8 37.Re6 Rxe6 38.dxe6 Rc6 39.Bf3 Rxc4 40.e7 
Rxb4+ 41.Ka1 Kf7 42.Re1 1-0

[Event "44th World U20 ch"]
[Site "Istanbul TUR"]
[Date "2005.11.21"]
[Round "12.7"]
[White "Smeets, Jan"]
[Black "Heberla, Bartlomiej"]
[Result "1-0"]
[WhiteElo "2531"]
[BlackElo "2465"]
[EventDate "2005.11.09"]
[PlyCount "75"]

1.e4 e5 2.Nf3 Nc6 3.d4 exd4 4.Nxd4 Bb4+ 5.c3 Be7 6.g3 d5 7.Bg2 dxe4 8.Nxc6
Qxd1+ 9.Kxd1 Bg4+ 10.Kc2 bxc6 11.Bxe4 O-O-O 12.Be3 Nf6 13.Bxc6 Bf5+ 14.Kb3
Rd6 15.Bb5 Ng4 16.Bxa7 Kb7 17.Bd4 Rb8 18.Re1 Bf6 19.Na3 Bxd4 20.cxd4 Nxh2 
21.Kc3 Nf3 22.Nc4 Rd5 23.Ne5 Rxb5 24.Nxf3 Be6 25.Re5 Kc6 26.b3 Kd6 27.Rae1
h6 28.Nd2 Rxe5 29.dxe5+ Kd5 30.a4 g5 31.b4 h5 32.Ne4 h4 33.Nxg5 hxg3 34.f4
Rh8 35.Kd3 Ra8 36.Rc1 Bf5+ 37.Ke3 Rxa4 38.Rc5# 1-0